Welcome to the Holygrace Academy Library

Please use search bar below to get started

ON EDUCATION (Record no. 5403)

MARC details
000 -LEADER
fixed length control field 00312nam a22001337a 4500
020 ## - INTERNATIONAL STANDARD BOOK NUMBER
ISBN 81-887326-00X
082 ## - DEWEY DECIMAL CLASSIFICATION NUMBER
Classification number 158
Item number KRI/K
100 ## - MAIN ENTRY--AUTHOR NAME
Personal name KRISHNAMURTI
245 ## - TITLE STATEMENT
Title ON EDUCATION
260 ## - PUBLICATION, DISTRIBUTION, ETC. (IMPRINT)
Place of publication INDIA
Name of publisher KRISHNAMURTI FOUNDATION INDIA
300 ## - PHYSICAL DESCRIPTION
Number of Pages 158
650 ## - SUBJECT ADDED ENTRY--TOPICAL TERM
Topical Term PERSONALITY DEVELOPMENT BOOK
Geographic subdivision INDIA
942 ## - ADDED ENTRY ELEMENTS (KOHA)
Koha item type Books
Holdings
Withdrawn status Lost status Collection code Home library Current library Shelving location Date acquired Source of acquisition Full call number Accession Number Koha item type
    Reference Main Library Main Library SHELF-17H-PERSONALITY DEVELOPMENT BOOKS 06/03/2013 PURCHASE 158 KRI/K 07451 Books